<?xml version="1.0" encoding="UTF-8"?><?xml-stylesheet type="text/xsl" href="static/style.xsl"?><OAI-PMH xmlns="http://www.openarchives.org/OAI/2.0/" xmlns:xsi="http://www.w3.org/2001/XMLSchema-instance" xsi:schemaLocation="http://www.openarchives.org/OAI/2.0/ http://www.openarchives.org/OAI/2.0/OAI-PMH.xsd"><responseDate>2026-04-28T19:34:40Z</responseDate><request verb="GetRecord" identifier="oai:uvadoc.uva.es:10324/80512" metadataPrefix="marc">https://uvadoc.uva.es/oai/request</request><GetRecord><record><header><identifier>oai:uvadoc.uva.es:10324/80512</identifier><datestamp>2025-12-11T20:01:23Z</datestamp><setSpec>com_10324_1669</setSpec><setSpec>com_10324_952</setSpec><setSpec>com_10324_894</setSpec><setSpec>col_10324_1671</setSpec></header><metadata><record xmlns="http://www.loc.gov/MARC21/slim" xmlns:doc="http://www.lyncode.com/xoai" xmlns:xsi="http://www.w3.org/2001/XMLSchema-instance" xmlns:dcterms="http://purl.org/dc/terms/" xsi:schemaLocation="http://www.loc.gov/MARC21/slim http://www.loc.gov/standards/marcxml/schema/MARC21slim.xsd">
<leader>00925njm 22002777a 4500</leader>
<datafield tag="042" ind1=" " ind2=" ">
<subfield code="a">dc</subfield>
</datafield>
<datafield tag="720" ind1=" " ind2=" ">
<subfield code="a">Almonacid Canseco, Rodrigo</subfield>
<subfield code="e">author</subfield>
</datafield>
<datafield tag="260" ind1=" " ind2=" ">
<subfield code="c">2020</subfield>
</datafield>
<datafield tag="520" ind1=" " ind2=" ">
<subfield code="a">La aplicación arquitectónica de los avances luminotécnicos a partir de los años 20 permitió desarrollar facetas inéditas a la arquitectura más vanguardista del momento. Mediante una selección y análisis de dibujos arquitectónicos del período de entreguerras particularmente significativos, se plantea una retrospectiva sobre ciertas claves de ‘lo moderno’, que se hacen más evidentes a partir de la representación gráfica nocturna.</subfield>
</datafield>
<datafield tag="024" ind2=" " ind1="8">
<subfield code="a">"La representación nocturna, signo de modernidad en la arquitectura de entreguerras", EGA Expresión Gráfica Arquitectónica, 2020, vol. 25, nº38, pp. 148–159.</subfield>
</datafield>
<datafield tag="024" ind2=" " ind1="8">
<subfield code="a">1133-6137</subfield>
</datafield>
<datafield tag="024" ind2=" " ind1="8">
<subfield code="a">https://uvadoc.uva.es/handle/10324/80512</subfield>
</datafield>
<datafield tag="024" ind2=" " ind1="8">
<subfield code="a">10.4995/ega.2020.11483</subfield>
</datafield>
<datafield tag="024" ind2=" " ind1="8">
<subfield code="a">148</subfield>
</datafield>
<datafield tag="024" ind2=" " ind1="8">
<subfield code="a">38</subfield>
</datafield>
<datafield tag="024" ind2=" " ind1="8">
<subfield code="a">159</subfield>
</datafield>
<datafield tag="024" ind2=" " ind1="8">
<subfield code="a">EGA Revista de Expresión Gráfica Arquitectónica</subfield>
</datafield>
<datafield tag="024" ind2=" " ind1="8">
<subfield code="a">25</subfield>
</datafield>
<datafield tag="024" ind2=" " ind1="8">
<subfield code="a">2254-6103</subfield>
</datafield>
<datafield ind1=" " ind2=" " tag="653">
<subfield code="a">arquitectura</subfield>
</datafield>
<datafield ind1=" " ind2=" " tag="653">
<subfield code="a">dibujo arquitectónico</subfield>
</datafield>
<datafield ind1=" " ind2=" " tag="653">
<subfield code="a">imagen nocturna</subfield>
</datafield>
<datafield ind1=" " ind2=" " tag="653">
<subfield code="a">modernidad</subfield>
</datafield>
<datafield ind1=" " ind2=" " tag="653">
<subfield code="a">lichtarchitektur</subfield>
</datafield>
<datafield ind1=" " ind2=" " tag="653">
<subfield code="a">teoría de la arquitectura</subfield>
</datafield>
<datafield tag="245" ind1="0" ind2="0">
<subfield code="a">La representación nocturna, signo de modernidad en la arquitectura de entreguerras</subfield>
</datafield>
</record></metadata></record></GetRecord></OAI-PMH>